000 00415nam a2200133Ia 4500
008 100328s9999 xx 000 0 und d
082 _b58645
100 _aभट अविनाश.
245 _aविक्रम आणि वेताळ.
260 _bपुष्प.
630 _aविक्रम आणि वेताळ.
730 _aविक्रम आणि वेताळ.
942 _cBOOK
999 _c544958
_d544955